banner-ar

عزالدين اسماعيل / (Record no. 28517)

MARC details
000 -الفاتح
حقل البيانات ثابتة الطول 00678nam a2200217Ia 4500
008 - عناصر البيانات ثابتة الطول - معلومات عامة
حقل البيانات ثابتة الطول 140319s9999 xx 000 0 ara d
020 ## - الرقم الدولى المعيارى للكتب
الرقم الدولى المعيارى للكتاب 5269801977
040 ## - مصدر الفهرسة
وكالة الفهرسة الأصلية GCL /
وكالة النسخ GCL
082 04 - رقم تصنيف ديوى العشرى
رقم التصنيف 810.9
رقم المادة م ع
100 1# - المدخل الرئيسى - إسم شخصى
الإسم الشخصى محمد عبدالمطلب
245 10 - بيان العنوان
العنوان عزالدين اسماعيل /
بيان المسئوليه,etc محمد عبدالمطلب
260 ## - PUBLICATION, DISTRIBUTION, ETC. (IMPRINT)
تاريخ النشر أو التوزيع 1991
300 ## - الوصف المادى
التعداد 181 ص ؛
أبعاد الوعاء 19 سم
490 ## - بيان السلسلة
عنوان السلسلة نقاد الادب
رقم المجلد/ التعيين التسلسلي 3
650 04 - المدخل الاضافى بالموضوع-مصطلح موضوعى
مصطلح موضوعي النقد
650 04 - المدخل الاضافى بالموضوع-مصطلح موضوعى
مصطلح موضوعي التراجم الادبية
650 04 - المدخل الاضافى بالموضوع-مصطلح موضوعى
مصطلح موضوعي التراجم
650 04 - المدخل الاضافى بالموضوع-مصطلح موضوعى
مصطلح موضوعي عزالدين اسماعيل
942 ## - عناصر المدخل الإضافي( كوها)
مصدر التصنيف او مخطط الترفيف Dewey Decimal Classification
Koha [default] item type كتاب
260 ## - PUBLICATION, DISTRIBUTION, ETC. (IMPRINT)
-- القاهرة :
-- الهيئة المصرية العامة للكتاب ،
Holdings
حالة التراجع حالة الفقد حالة تلف ليس للاعارة المكان المؤقت الموقع الحالى تاريخ الاكتساب اجمالي اﻻعارات رقم الطلب الباركود تاريخ اخر مشاهدة تاريخ تفعيل السعر نوع وعاء كوها
        مكتبة القاهرة الكبرى مكتبة القاهرة الكبرى 03/26/2014   810.9\ م ع 65069 03/26/2014 03/26/2014 كتاب
        مكتبة القاهرة الكبرى مكتبة القاهرة الكبرى 03/26/2014   810.9\ م ع 65070 03/26/2014 03/26/2014 كتاب
        مكتبة القاهرة الكبرى مكتبة القاهرة الكبرى 03/26/2014   810.9\ م ع 65071 03/26/2014 03/26/2014 كتاب

Powered By

EGPV